000 00469 a2200169 4500
020 _a8120321502
040 _aDLC
_bEnglish
082 _a005.133
100 _aPappas, Chris H.
245 _aC# essentials
_cChris HPappas
_hBook
260 _aNew Delhi, India :
_bPrentice Hall
_cc2002.
300 _axviii, 388 p. :
_bill.
_c24 cm.
500 _aIncludes Index
650 _aC# (computer program language)
700 _aWilliam H.Murray
942 _cBK
_k005.133 PAP
_2ddc
999 _c5982
_d5982